Relativity on curved manifolds
Saved in:
| Main Author: | |
|---|---|
| Format: | Book |
| Language: | English |
| Published: |
Cambridge
Cambridge University
1990
|
| Edition: | 1a. ed |
| Subjects: | |
| Tags: |
Add Tag
No Tags, Be the first to tag this record!
|
MARC
| LEADER | 00000nam a2200000 a 4500 | ||
|---|---|---|---|
| 001 | UCL9833 | ||
| 003 | CL-VaPUC | ||
| 008 | 040827e19900000uk |||||||||||||||||eng|d | ||
| 020 | |a 0521266394 | ||
| 082 | 0 | 4 | |a 530.11 |b DEF |2 21 |
| 100 | 0 | |a De Felice, F |e author |9 487743 | |
| 245 | 1 | 0 | |a Relativity on curved manifolds |
| 250 | |a 1a. ed | ||
| 300 | |a 448 p | ||
| 942 | |c BK | ||
| 945 | |d 20040827 00:00:00 |a cmena | ||
| 260 | |a Cambridge |b Cambridge University |c 1990 | ||
| 650 | 0 | |a Física |9 227844 | |
| 650 | 0 | |a Teoría de la relatividad |9 266149 | |
| 650 | 0 | |a Física matemática |9 260981 | |
| 650 | 0 | |a Geometría |9 264063 | |
| 583 | |a last modification |c 20130806 04:44:28 |k Rodrigo Vera | ||
| 999 | |c 310476 |d 310474 | ||
| 952 | |0 0 |1 0 |4 0 |6 530_110000000000000_DEF_1990 |7 0 |8 A |9 378991 |a BIBCUR |b BIBCUR |d 2019-11-21 |i 4055276 |o 530.11 DEF 1990 |p 4055276 |r 2025-04-22 |w 2019-11-21 |y BK |k FIS | ||